000 00900nam a22002897a 4500
001 BR0300901
003 BR-BrBNA
005 20230928101229.0
007 ta
008 230509b bl.||||| |||| 00| 0 por d
040 _aBR-BrBNA
_bpor
_cBiblioteca Nacional de Agricultura
041 _a(Por)
072 _aE50
090 _ E50 BR0300901
100 1 _aPaula Neto, A. de
110 1 _aUniversidade Federal de Lavras, MG (Brasil)
_0Tese (Mestrado)
245 1 _aParcerias para o desenvolvimento social: uma análise do PVC - Programa Vale Cidadania
260 3 _aLavras, MG (Brasil):
_c2002.
300 _a235 p.
500 _aSummaries (Eng, Por); Bibliography p. 226-235; 24 tables; 6 illus.
650 _aPARCERIA
650 _aDESENVOLVIMENTO SOCIAL
650 _aPROJETO DE DESENVOLVIMENTO
650 _aQUALIDADE DE VIDA
909 _a202309
_bLucia
_c55
_dLucia Elande
942 _cBK
999 _c64836
_d64836